00230nam a2200097Ia 4500008004100000100002500041245002300066260001900089942000700108999001700115190216s9999||||xx |||||||||||||| ||und|| aKambaranatha Ayyar E 0aOutline Of Zoology bViswanathan S. cBK c37292d37292